[Event "PRO League Prelim 2023"]
[Site "chess.com INT"]
[Date "2023.02.22"]
[Round "2.4"]
[White "Bluebaum, M."]
[Black "Deac, Bogdan-Daniel"]
[Result "0-1"]
[WhiteElo "2663"]
[BlackElo "2700"]
[PlyCount "154"]
[EventDate "2023.02.14"]
[WhiteTeam "Berlin Bears"]
[BlackTeam "Croatia Bulldogs"]

1. d4 d5 2. c4 e6 3. Nc3 h6 4. cxd5 exd5 5. Bf4 c6 6. e3 Bf5 7. Nge2 Bd6 ({RR} 7... Nd7 8. Ng3 Be6 9. h4 Ngf6 10. Bd3 Nb6 11. h5 Bd6 12. Bxd6 Qxd6 13. Nf5 Bxf5 14. Bxf5 Qb4 15. Qb3 a5 16. Qc2 Nc4 17. Rb1 O-O 18. a3 Qe7 19. Na4 Rfe8 20. Kf1 Nd6 21. Bd3 Nfe4 22. Nc3 {Beydullayeva,G (2364)-Ushenina,A (2406) Monaco MNC 2026 1-0 (54)}) 8. Bxd6 Qxd6 9. Ng3 Bg6 10. h4 $146 ({RR} 10. Bd3 Bxd3 11. Qxd3 Ne7 12. O-O O-O 13. b4 Nd7 14. b5 c5 15. dxc5 Qxc5 16. Rfd1 Nf6 17. Rac1 Rac8 18. Nce2 Qb4 19. a3 Qa4 20. Nd4 Rxc1 21. Rxc1 Rc8 22. Rxc8+ Nxc8 23. Qc2 Qxc2 24. Nxc2 Nd6 {Assaubayeva,B (2469)-Paehtz,E (2471) Baku AZE 2023 0-1 (57)}) 10... Ne7 11. h5 Bh7 12. Bd3 Bxd3 13. Qxd3 Nd7 14. O-O-O O-O-O 15. Nge2 Kb8 16. f3 Rhe8 17. Qc2 Nb6 18. b3 a6 19. Kb1 Nec8 20. e4 f6 21. Qc1 Qb4 22. Qb2 Qd6 23. Qd2 Qb4 24. Qb2 Qd6 25. g4 Qc7 26. Rhg1 dxe4 27. fxe4 c5 28. d5 Nd6 29. Ng3 Nd7 30. Rc1 Ne5 31. Qe2 c4 32. Nf5 Nd3 33. Rcd1 Nb5 34. Nxb5 axb5 35. Rxd3 cxd3 36. Qxd3 Qe5 37. Qg3 Qxg3 38. Nxg3 Rc8 39. Re1 Rc5 40. Re2 b4 41. Kb2 Re5 42. a3 bxa3+ 43. Kxa3 Rg5 44. Kb4 b6 45. Nf5 Rxg4 46. Ka3 Kc7 47. Nd4 Kd6 48. Nf5+ Kd7 49. Nd4 Kd6 50. Nf5+ Kd7 51. Nd4 Rc8 52. Nb5 Rc1 53. Kb2 Rc5 54. Nd4 Rc8 55. Nb5 Rc5 56. Nd4 Kd6 57. Nf5+ Ke5 58. d6 Ke6 59. Rd2 Kd7 60. Rd1 Rxe4 61. Nxg7 Rg5 62. Rc1 Kxd6 63. Rd1+ Ke7 64. Ra1 Rg2+ 65. Kc3 Rxg7 66. Kd3 Re6 67. Kd4 Rg5 68. Ra7+ Kd8 69. Rh7 Rxh5 70. Kc4 Kc8 71. Kb4 Kb8 72. Rf7 Re4+ 73. Ka3 Rf5 74. b4 h5 75. Ka4 h4 76. Rh7 Kc8 77. Kb3 Rff4 0-1

[Event "PRO League Prelim 2023"]
[Site "chess.com INT"]
[Date "2023.02.22"]
[Round "2.3"]
[White "Yilmaz, M."]
[Black "Bluebaum, M."]
[Result "0-1"]
[WhiteElo "2629"]
[BlackElo "2663"]
[PlyCount "118"]
[EventDate "2023.02.14"]
[WhiteTeam "Croatia Bulldogs"]
[BlackTeam "Berlin Bears"]

1. d4 d5 2. c4 e6 3. Nc3 Bb4 4. Qa4+ Nc6 5. Nf3 Nf6 6. e3 O-O 7. Bd2 Qe8 8. Qb3 ({RR} 8. a3 Bxc3 9. Bxc3 Nxd4 10. Qd1 Nxf3+ 11. gxf3 Qe7 12. Qd4 c5 13. Qe5 Ne8 14. cxd5 f6 15. d6 Qxd6 16. Qxd6 Nxd6 17. O-O-O Rd8 18. Rg1 Kf8 19. b4 b6 20. bxc5 bxc5 21. Bb5 Bb7 22. Be2 Bc6 {Bykhovsky,A (2328)-Globus,O (2427) Israel ISR 2026 0-1 (45)}) ({RR} 8. a3 Bxc3 9. Bxc3 Nxd4 10. Qd1 Nxf3+ 11. gxf3 Qe7 12. Qd4 dxc4 13. Rg1 e5 14. Qxe5 Qxe5 15. Bxe5 Ne8 16. Bxc4 Be6 17. Bxe6 fxe6 18. f4 Rd8 19. Ke2 c6 20. Rad1 Rd5 21. e4 Rxd1 22. Rxd1 Nf6 {Lazavik,D (2621)-Bluebaum,M (2694) chess.com INT 2026 1-0 (33)}) 8... dxc4 ({RR} 8... a5 9. a3 Bxc3 10. Bxc3 b6 11. cxd5 exd5 12. Bb5 Ba6 13. Bxa6 Rxa6 14. O-O Qe6 15. Rac1 Ne4 16. Rfd1 Ne7 17. Qc2 Rc8 18. Be1 h6 19. Qe2 Ra7 20. Rc2 c5 21. dxc5 bxc5 22. Nd2 Nxd2 23. Bxd2 {Gukesh,D (2725)-Aronian,L (2735) Wijk aan Zee NED 2023 ½-½ (72)}) 9. Bxc4 Bd6 10. Nb5 Ne4 $146 ({RR} 10... e5 11. Nxd6 cxd6 12. O-O e4 13. Ne1 a6 14. a4 Qe7 15. Rc1 Rd8 16. f3 d5 17. Be2 Be6 18. h3 Qd7 19. Kh2 exf3 20. Bxf3 Ne4 21. Bxe4 dxe4 22. Qb6 Rac8 23. Rc5 Ne7 24. Rxc8 Rxc8 25. Bb4 {Lobanov,S (2506)-Bluebaum,M (2640) chess.com INT 2024 0-1 (46)}) 11. Nxd6 cxd6 12. d5 Nxd2 13. Nxd2 Na5 14. Qa3 Nxc4 15. Nxc4 exd5 16. Nxd6 Qe7 17. O-O Rd8 18. Nb5 Qg5 19. Kh1 Bf5 20. Nd4 Be4 21. f3 Bg6 22. f4 Qf6 23. f5 Bh5 24. Rf4 Qg5 25. Rg1 Bg4 26. h3 h5 27. Rgf1 Rac8 28. Kh2 Re8 29. Qd3 Re5 30. hxg4 hxg4 31. Qe2 g3+ 32. Kh3 Rce8 33. Qg4 Qh6+ 34. Qh4 Qa6 35. Kxg3 Rxe3+ 36. Kh2 R3e4 37. R1f3 Qd6 38. Kh1 Re1+ 39. Rf1 Rxf1+ 40. Rxf1 Re4 41. Qf2 Qh6+ 42. Kg1 Rh4 43. Qg3 Rxd4 44. f6 Rd2 45. fxg7 Qxg7 46. Qf3 Rxb2 47. Qxd5 Rb6 48. Qd8+ Kh7 49. Qh4+ Rh6 50. Qe4+ Kg8 51. Qe8+ Qf8 52. Qe4 Qc5+ 53. Rf2 Qc1+ 54. Rf1 Qc5+ 55. Rf2 Rf6 56. Qg4+ Kf8 57. Qh4 Qxf2+ 58. Qxf2 Rxf2 59. Kxf2 Ke7 0-1

[Event "PRO League Prelim 2023"]
[Site "chess.com INT"]
[Date "2023.03.03"]
[Round "3.3"]
[White "Bok, B."]
[Black "Bluebaum, M."]
[Result "1-0"]
[WhiteElo "2607"]
[BlackElo "2663"]
[PlyCount "111"]
[EventDate "2023.02.14"]
[WhiteTeam "Saint Louis Arch Bishops"]
[BlackTeam "Berlin Bears"]

1. d4 d5 2. c4 e6 3. Nc3 Bb4 4. cxd5 exd5 5. Bf4 c5 6. dxc5 Nf6 7. e3 O-O 8. Bd3 Bxc3+ 9. bxc3 Nbd7 10. Bd6 Re8 11. Ne2 Qa5 12. a4 Nxc5 13. Bb5 Ncd7 14. O-O a6 15. Bb4 Qc7 16. Bxd7 Bxd7 17. a5 Bb5 18. Re1 Rad8 $146 ({RR} 18... Ng4 19. Nf4 Nf6 20. Nxd5 Nxd5 21. Qxd5 Rad8 22. Qc5 Qd7 23. h3 Bc6 24. Qg5 h6 25. Qg3 Re6 26. Qg4 Qe8 27. f3 Rxe3 28. Qg3 Rd2 29. Bc5 Ree2 30. Rxe2 Rxe2 31. Bd4 Qf8 32. Re1 Rxe1+ 33. Qxe1 {Vakhidov,J (2506)-Bluebaum,M (2695) chess.com INT 2026 ½-½ (56)}) 19. Nf4 h6 20. Qd4 Re4 21. Qd2 Bc4 22. f3 Ree8 23. Qd4 Rc8 24. Rad1 Qc6 25. h3 Qc7 26. Rd2 Qc6 27. Rdd1 Qc7 28. Rd2 Red8 29. Rdd1 Rd7 30. Rd2 Qd8 31. Rdd1 Bb3 32. Rb1 Bc2 33. Rb2 Bh7 34. Rd1 Rc4 35. Qd2 Qc7 36. Qf2 Qe5 37. Rbd2 Rd8 38. Qe2 Rcc8 39. Rd4 Bf5 40. Qd2 g5 41. Nxd5 Nxd5 42. e4 Bxh3 43. Rxd5 Rxd5 44. exd5 Bd7 45. Re1 Qf5 46. Qd4 Re8 47. Rxe8+ Bxe8 48. Qc5 Bd7 49. Qf8+ Kh7 50. c4 g4 51. fxg4 Qf4 52. Qe7 Qc1+ 53. Be1 Be6 54. dxe6 Qxe1+ 55. Kh2 Qh4+ 56. Qxh4 1-0

[Event "Airthings Masters Div 3 L"]
[Site "chess.com INT"]
[Date "2023.02.07"]
[Round "5.1"]
[White "Dreev, A."]
[Black "Maghsoodloo, Parham"]
[Result "1-0"]
[WhiteElo "2606"]
[BlackElo "2728"]
[PlyCount "147"]
[EventDate "2023.02.06"]

1. d4 d5 2. c4 e6 3. Nc3 Bb4 4. cxd5 exd5 5. Nf3 c6 6. Bg5 Ne7 ({RR} 6... Be7 7. Bxe7 Nxe7 8. e3 O-O 9. Bd3 Bf5 10. O-O Nd7 11. Re1 Nf6 12. a4 a5 13. b3 Re8 14. Ra2 Qb6 15. Rae2 Bxd3 16. Qxd3 Ng6 17. Nb1 Ne4 18. Nbd2 Re7 19. Qc2 Nf6 20. Rd1 Rae8 21. Nf1 {Tabatadze,E (2305)-Anton Guijarro,D (2657) chess.com INT 2026 ½-½ (73)}) 7. e3 Nd7 ({RR} 7... h6 8. Bf4 g5 9. Be5 O-O 10. Bd3 f6 11. Bg3 Bf5 12. h4 g4 13. Nh2 h5 14. f3 Bd6 15. Nf1 Re8 16. Qc2 Bxd3 17. Qxd3 Na6 18. O-O-O Nb4 19. Qd2 Nf5 20. Bxd6 Nxd6 21. a3 a5 22. fxg4 {Niemann,H (2689)-Anton Guijarro,D (2670) chess.com INT 2024 1-0 (43)}) 8. Bd3 Nf8 9. O-O $146 ({RR} 9. Qc2 Ne6 10. Bh4 h6 11. Ne5 Qa5 12. a3 Bd6 13. f4 g5 14. fxg5 hxg5 15. Bg3 f6 16. Bg6+ Kd8 17. Nf7+ Kd7 18. Nxh8 Bxg3+ 19. hxg3 b5 20. Bf5 b4 21. Ne2 Ba6 22. Bxe6+ Kxe6 23. Qd2 Qb5 {Senft,S (2054)-Altini,N (2374) chess.com INT 2024 1-0 (69)}) 9... f6 10. Bf4 Nfg6 11. Bg3 Bxc3 12. bxc3 Bf5 13. c4 O-O 14. Rb1 Bxd3 15. Qxd3 Qd7 16. Rfc1 Rf7 17. Qb3 Nf5 18. cxd5 Qxd5 19. Qxd5 cxd5 20. Ne1 h5 21. Nd3 h4 22. Bc7 b6 23. h3 Rd7 24. a4 Rc8 25. Bh2 Rxc1+ 26. Rxc1 Nge7 27. Nb4 Kf7 28. Na6 Rd8 29. Kf1 Rc8 30. Rxc8 Nxc8 31. Nc7 Nce7 32. Ke2 g5 33. Kd3 Ng7 34. Kc3 Ne8 35. Kb4 Nxc7 36. Bxc7 Ke6 37. Kb5 Kd7 38. Bb8 Nc6 39. Bxa7 Nxa7+ 40. Kxb6 Nc8+ 41. Kc5 f5 42. a5 f4 43. Kxd5 Ne7+ 44. Ke4 fxe3 45. fxe3 Kc6 46. Ke5 Nd5 47. e4 Ne3 48. d5+ Kb7 49. d6 Nc4+ 50. Kf5 Nxa5 51. Kxg5 Kc6 52. Kxh4 Kxd6 53. Kg5 Ke7 54. h4 Kf7 55. g4 Nc4 56. h5 Kg7 57. Kf5 Ne3+ 58. Kf4 Ng2+ 59. Kg3 Ne3 60. g5 Kf7 61. Kf4 Ng2+ 62. Kf5 Ne3+ 63. Ke5 Nc4+ 64. Kd5 Ne3+ 65. Kc5 Ng4 66. Kd6 Nf2 67. Kd5 Nh3 68. g6+ Kf6 69. e5+ Ke7 70. Ke4 Ke6 71. h6 Nf2+ 72. Kd4 Ng4 73. h7 Nxe5 74. g7 1-0

[Event "Titled Tue 28th Feb Late"]
[Site "chess.com INT"]
[Date "2023.02.28"]
[Round "8"]
[White "Firouzja, Alireza"]
[Black "Andreikin, D."]
[Result "1-0"]
[WhiteElo "2785"]
[BlackElo "2729"]
[PlyCount "105"]
[EventDate "2023.02.28"]

1. d4 d5 2. c4 e6 3. Nc3 a6 4. cxd5 exd5 5. Qc2 Nf6 6. Bg5 Be6 7. e3 Nbd7 8. Bd3 Be7 9. Nge2 h6 10. Bh4 O-O $146 ({RR} 10... Nh5 11. Bxe7 Qxe7 12. O-O O-O 13. Rae1 Nhf6 14. f3 c5 15. b3 Rac8 16. Qd2 b5 17. Bb1 c4 18. bxc4 bxc4 19. e4 Nb6 20. Qc2 Rfd8 21. e5 g6 22. exf6 Qxf6 23. Qd2 Kh7 24. Qf4 Qe7 25. Ng3 {Smietanska,W (1593)-Chitlange,S (2167) Chess.com INT 2020 1-0}) 11. O-O Rc8 12. Rad1 c5 13. dxc5 Nxc5 14. Nf4 Nxd3 15. Qxd3 Qb6 16. Bxf6 Bxf6 17. Ncxd5 Bxd5 18. Nxd5 Qxb2 19. Rb1 Qxa2 20. Nxf6+ gxf6 21. Rxb7 Qc4 22. Qxc4 Rxc4 23. Rb6 Kg7 24. Rxa6 Rfc8 25. Raa1 Rc2 26. g3 Rd2 27. Kg2 Rcc2 28. Ra4 Ra2 29. Rf4 h5 30. g4 hxg4 31. Rxg4+ Kf8 32. Rf4 Ke7 33. h4 Rd8 34. Rb1 Ra6 35. Kf3 Kf8 36. Rg4 Ra5 37. Rf4 Rh5 38. Rb6 Kg7 39. Rbxf6 Rd7 40. R6f5 Rxf5 41. Rxf5 f6 42. h5 Ra7 43. Kf4 Ra4+ 44. e4 Ra2 45. f3 Rh2 46. Ra5 Rh4+ 47. Kg3 Rh1 48. Kg4 Rg1+ 49. Kf4 Rh1 50. Ra7+ Kg8 51. Kf5 Rh4 52. Kxf6 Rf4+ 53. Kg6 1-0

[Event "Chessable Masters Play-In"]
[Site "chess.com INT"]
[Date "2023.03.13"]
[Round "5"]
[White "Sevian, Samuel"]
[Black "Bluebaum, M."]
[Result "1-0"]
[WhiteElo "2687"]
[BlackElo "2661"]
[PlyCount "111"]
[EventDate "2023.03.13"]

1. c4 e6 2. Nc3 d5 3. d4 Bb4 4. cxd5 exd5 5. Bf4 c5 6. e3 c4 7. Nf3 Nc6 8. Be2 ({RR} 8. g3 Nf6 9. Bg2 Ne4 10. Rc1 Qa5 11. O-O Bxc3 12. bxc3 Nxc3 13. Qc2 Ne4 14. Ng5 Nxg5 15. Bxg5 O-O 16. h4 Bg4 17. Qb2 b6 18. e4 Be6 19. a3 dxe4 20. Bxe4 Bd5 21. Bb1 f6 22. Be3 b5 {Rousskikh,M (1985)-Altini,N (2360) chess.com INT 2026 0-1 (44)}) 8... Nf6 9. O-O O-O 10. Nd2 $146 ({RR} 10. Ne5 Bf5 11. Bf3 Bxc3 12. bxc3 Ne4 13. Bxe4 Bxe4 14. Nxc6 bxc6 15. Qa4 Qb6 16. f3 Bd3 17. Rf2 Rfe8 18. Qa3 a5 19. Rb2 Qd8 20. Re1 Qh4 21. Bg3 Qg5 22. Kf2 Re7 23. Qd6 Rae8 24. Bf4 Qh4+ {Grinev,V (2418)-Bluebaum,M (2672) chess.com INT 2023 ½-½}) 10... Bf5 11. Bg5 Bxc3 12. bxc3 h6 13. Bh4 Qd6 14. f3 g5 15. Bg3 Qa3 16. e4 dxe4 17. fxe4 Nxe4 18. Nxc4 Qxc3 19. Rxf5 Nxg3 20. hxg3 Nxd4 21. Rf1 Rad8 22. Kh2 Rfe8 23. Bd3 Ne2 24. Rf3 Rxd3 25. Rxd3 Qxc4 26. Rd8 Rxd8 27. Qxd8+ Kg7 28. Rf1 Qc3 29. Qd6 b5 30. Rf2 Qd4 31. Qxd4+ Nxd4 32. Rd2 Nc6 33. Rc2 Nd4 34. Rc5 a6 35. Rd5 Ne6 36. Rd6 Nc5 37. Rc6 Na4 38. Rxa6 Nc3 39. a3 Nb1 40. Kg1 f6 41. Kf2 Kg6 42. Ke3 Nc3 43. Kd3 Na4 44. Ra5 Nc5+ 45. Ke3 Nb7 46. Rxb5 Nd6 47. Rb4 h5 48. a4 h4 49. gxh4 gxh4 50. a5 Nf5+ 51. Kf2 Kg5 52. Rb5 Kg4 53. Rxf5 h3 54. gxh3+ Kh4 55. Kf3 Kxh3 56. Rh5# 1-0

[Event "PRO League Prelim 2023"]
[Site "chess.com INT"]
[Date "2023.03.09"]
[Round "4.2"]
[White "Grischuk, A."]
[Black "Supi, L."]
[Result "1-0"]
[WhiteElo "2745"]
[BlackElo "2608"]
[PlyCount "85"]
[EventDate "2023.02.14"]
[WhiteTeam "Blitz"]
[BlackTeam "Brazil Capybaras"]

1. d4 {Krasenkow,Michal} d5 2. c4 e6 3. Nc3 Be7 4. cxd5 exd5 5. Bf4 Nf6 6. e3 Bf5 7. Qb3 Nc6 8. g4 Bc8 ({RR} 8... Nxg4 9. Qxd5 ({RR} 9. Nxd5 O-O 10. Bg2 Bh4 11. Bg3 Be6 12. Kf1 a5 13. Nh3 a4 14. Qc4 Na5 15. Qc5 b6 16. Bxh4 bxc5 17. Bxd8 Raxd8 18. Ne7+ Kh8 19. d5 Bd7) ({RR} 9. a3 O-O 10. Bg2 Bh4 11. Bg3 Bxg3 ({RR} 11... Be6) ({RR} 11... Re8) 12. hxg3 Ne7 13. Nxd5 Nxd5 14. Qxd5 Qxd5 15. Bxd5 Rad8 16. Bxb7 Rb8 17. Bf3 Rxb2 18. Ne2) 9... Qc8 10. Qg2 O-O ({RR} 10... Nf6) 11. e4 Bxe4 ({RR} 11... Bg6 12. O-O-O) ({RR} 11... Nxd4 12. O-O-O Bc5) 12. Nxe4 Bb4+ 13. Nc3 Qf5 14. Be2 Rfe8 15. Kf1 Nf6 ({RR} 15... Qxf4 16. Qxg4 Qd2 17. Rb1) ({RR} 15... h5 16. Qg3 Nxd4 17. Bd3) 16. Bh6 g6 17. Qg5 Nxd4 18. Rd1 ({RR} 18. Qxf5 Nxf5 19. Bd2) 18... Bxc3 19. bxc3 Ne4 ({RR} 19... Rxe2 20. Nxe2 Qh3+ 21. Qg2 Qxg2+ 22. Kxg2 Nxe2 23. Rd3) 20. Qxf5 Nxf5 21. Bd2 Rad8 22. Be1 Rxd1 23. Bxd1 {Aronian,L (2808)-Kramnik,V (2785) Monte Carlo 2011 CBM 142 [Krasenkow,Michal] 1-0 (39)}) ({RR} 8... Nxg4 9. Qxd5 Qxd5 10. Nxd5 Bb4+ 11. Nc3 O-O-O 12. Nge2 Rhe8 13. Bg2 Bd3 14. Bf3 Nf6 15. O-O-O Bg6 16. h4 Bh5 17. Rh3 Bxf3 18. Rxf3 Ne4 19. Nxe4 Rxe4 20. Ng3 Ree8 21. Nh5 g6 22. Nf6 Rh8 23. d5 {Ilinca,F (2397)-Balakrishnan,P (2489) San Vicente ESP 2025 1-0 (63)}) 9. h3 O-O 10. Nf3 $146 ({RR} 10. Nge2 Na5 11. Qc2 Nc4 12. Ng3 Bd6 13. Bxd6 Nxd6 14. Bd3 Kh8 15. f3 b6 16. O-O-O c5 17. g5 Nfe8 18. h4 Bb7 19. Kb1 Rc8 20. Bxh7 cxd4 21. exd4 Rxc3 22. bxc3 Nc4 23. Qd3 Qd6 24. Nf1 Nc7 {Yilmaz,M (2609)-Supi,L (2608) Wijk aan Zee NED 2023 ½-½ (31)}) 10... Bd6 11. Bxd6 cxd6 12. Bd3 Re8 13. Kf1 Be6 14. Qxb7 Na5 15. Qb4 Ne4 16. Kg2 Rb8 17. Qa3 h5 18. Nxe4 dxe4 19. Bxe4 Nc4 20. Qd3 d5 21. Bh7+ Kh8 22. b3 Nd6 23. Qb1 Ne4 24. Bxe4 dxe4 25. Ne5 Bd5 26. Qd1 Kh7 27. gxh5 Be6 28. h4 Qf6 29. Rh2 Bf5 30. Kh1 Rbd8 31. Qg1 Rd5 32. Qg3 Rexe5 33. dxe5 Rxe5 34. Qf4 Qe7 35. Rg1 f6 36. Rhg2 g5 37. hxg6+ Kg8 38. h5 Bh3 39. h6 Bxg2+ 40. Rxg2 Qd6 41. h7+ Kg7 42. h8=Q+ Kxh8 43. Qh6+ 1-0

[Event "Titled Tue 14th Mar Early"]
[Site "chess.com INT"]
[Date "2023.03.14"]
[Round "7"]
[White "Erigaisi, Arjun"]
[Black "Martinez Alcantara, Jose Eduardo"]
[Result "1/2-1/2"]
[WhiteElo "2701"]
[BlackElo "2607"]
[PlyCount "157"]
[EventDate "2023.03.14"]

1. c4 e6 2. Nc3 d5 3. d4 a6 4. cxd5 exd5 5. Nf3 Nf6 6. Bg5 Be6 7. e3 Nbd7 8. Bd3 Bd6 9. O-O c6 10. Ne2 h6 11. Bf4 Qb8 ({RR} 11... Qe7 12. h3 O-O 13. Ne5 c5 14. Nxd7 Nxd7 15. Bxd6 Qxd6 16. dxc5 Nxc5 17. Bc2 Rfd8 18. Qd4 Rac8 19. Nf4 Nd7 20. Bb3 Nf6 21. Rac1 Rc6 22. Rxc6 bxc6 23. Rc1 Nd7 24. Nd3 Rc8 25. Nc5 Ne5 26. f4 {Xu Yuanyuan (2300)-Dicen,E (2136) London ENG 2025 1-0 (91)}) 12. h3 O-O 13. b4 $146 ({RR} 13. Bxd6 Qxd6 14. Nf4 Rfe8 15. Rc1 Rac8 16. Qd2 Ne4 17. Qc2 f5 18. Nd2 Bf7 19. Nb3 g6 20. Be2 Re7 21. Nd3 Rce8 22. Rfe1 Kg7 23. Bf1 Nef6 24. Nbc5 Nxc5 25. dxc5 Qe6 26. Qc3 Kh7 27. Qd4 Nd7 {Firouzja,A (2728)-Colas,J (2255) Chess.com INT 2020 1-0 (51)}) 13... Bxf4 14. Nxf4 Qd6 15. Qb3 b5 16. Nxe6 Qxe6 17. a4 Nb6 18. axb5 axb5 19. Qc3 Nc4 20. Ne5 Nd7 21. Rxa8 Rxa8 22. Ra1 Rc8 23. Nf3 Ndb6 24. Ra7 g6 25. h4 Re8 26. h5 g5 27. Bc2 Nd7 28. Ne5 Ndxe5 29. dxe5 Nxe5 30. Bb1 Qg4 31. Qc2 Nf3+ 32. Kf1 Qc4+ 33. Qxc4 Nd2+ 34. Ke2 Nxc4 35. Bf5 Re5 36. Bd7 d4 37. Bxc6 dxe3 38. f3 Nd6 39. g4 Kf8 40. Rd7 Re6 41. Bd5 Rf6 42. Kxe3 Ke8 43. Rc7 Rf4 44. Bc6+ Kf8 45. Bd5 Ke8 46. Ra7 Rxb4 47. Ra8+ Ke7 48. Rh8 Ra4 49. Rxh6 b4 50. Rh8 Ra3+ 51. Kf2 Ra5 52. Bb3 Ra3 53. h6 Kf6 54. Bd5 Kg6 55. Be4+ Nxe4+ 56. fxe4 b3 57. e5 Ra2+ 58. Kf3 Ra1 59. Rb8 Ra3 60. Rb6+ Kh7 61. Ke4 b2 62. Kf5 Ra1 63. Rxb2 Kxh6 64. Rb6+ Kg7 65. Kxg5 Rf1 66. Rf6 Re1 67. Rf5 Rxe5 68. Rxe5 f6+ 69. Kf5 fxe5 70. Kxe5 Kg6 71. Kf4 Kf6 72. g5+ Kg6 73. Kg4 Kg7 74. Kf5 Kf7 75. g6+ Kg7 76. Kg5 Kg8 77. Kf6 Kf8 78. g7+ Kg8 79. Kg6 1/2-1/2

[Event "Chessable Masters Div 2 L"]
[Site "chess.com INT"]
[Date "2023.04.04"]
[Round "5.1"]
[White "Giri, A."]
[Black "Yu Yangyi"]
[Result "1/2-1/2"]
[WhiteElo "2768"]
[BlackElo "2729"]
[PlyCount "37"]
[EventDate "2023.04.04"]
[EventType "k.o."]

1. d4 d5 2. c4 e6 3. Nc3 h6 4. Bf4 Nf6 5. e3 c5 ({RR} 5... Bd6 6. Bxd6 Qxd6 7. cxd5 Nxd5 8. Rc1 O-O 9. Nf3 b6 10. Nxd5 exd5 11. Qc2 c6 12. Bd3 Be6 13. O-O Rc8 14. Ne5 c5 15. f4 Nc6 16. dxc5 Qe7 17. Nxc6 Rxc6 18. b4 bxc5 19. Bb5 Rb6 20. Qxc5 {Ding Liren (2811)-Nihal,S (2670) chess.com INT 2022 ½-½ (45)}) ({RR} 5... Bd6 6. Bxd6 Qxd6 7. cxd5 exd5 8. Bd3 c6 9. Nf3 O-O 10. Qc2 Nbd7 11. O-O b6 12. Rfd1 Bb7 13. Rac1 Rfe8 14. Bf5 Qe7 15. Na4 g6 16. Bxd7 Nxd7 17. a3 Rac8 18. b4 Nf6 19. Nd2 Ng4 20. Nf3 {Dyachenko,P (1823)-Diaz Guerrero,J (2102) Montesilvano ITA 2026 ½-½ (57)}) 6. Nf3 cxd4 7. Nxd4 a6 8. Bg3 $146 ({RR} 8. Qa4+ Bd7 9. Qb3 Nc6 10. cxd5 Na5 11. Qc2 exd5 12. Be2 Rc8 13. a3 Bc5 14. Rd1 O-O 15. O-O Ba7 16. Qb1 Nc4 17. Bxc4 Rxc4 18. Nf5 Be6 19. Be5 Ne4 20. Nxg7 Qg5 21. Nxe6 fxe6 22. Bd4 Bxd4 {Peng,H (2419)-Jin,R (1870) Ji'an CHN 2025 1-0 (34)}) 8... Be7 9. Rc1 O-O 10. a3 dxc4 11. Bxc4 Bd7 12. O-O Nc6 13. Nf3 Rc8 14. Ba2 Qb6 15. Qc2 Rfd8 16. Bb1 Na5 17. Ne5 Qb3 18. Nxd7 Rxd7 19. Ba2 1/2-1/2

[Event "Titled Tue 18th Apr Late"]
[Site "chess.com INT"]
[Date "2023.04.18"]
[Round "6"]
[White "Caruana, F."]
[Black "Carlsen, M."]
[Result "1-0"]
[WhiteElo "2764"]
[BlackElo "2853"]
[PlyCount "153"]
[EventDate "2023.04.18"]

1. c4 e6 2. Nc3 d5 3. d4 Bb4 4. a3 Bxc3+ 5. bxc3 Ne7 6. e3 c5 ({RR} 6... b6 7. cxd5 exd5 8. Bd3 Bf5 9. Be2 c5 10. Nf3 Nbc6 11. O-O O-O 12. a4 Na5 13. Ne5 Qc7 14. f3 Rfd8 15. Kh1 c4 16. Ba3 f6 17. Ng4 Bxg4 18. fxg4 Ng6 19. g5 fxg5 20. Bg4 Re8 21. Qf3 {Donchenko,A (2659)-Maghsoodloo,P (2676) Tornelo INT 2021 1-0}) ({RR} 6... O-O 7. Nf3 c5 8. Bd3 dxc4 9. Bxc4 b6 10. O-O Ba6 11. Bxa6 Nxa6 12. a4 Rc8 13. Ba3 Re8 14. Qe2 Nb8 15. Rfd1 Qc7 16. e4 Ng6 17. g3 h6 18. h4 Nd7 19. Rab1 cxd4 20. cxd4 Qc4 21. Qxc4 {Dyachuk,A (2310)-Rasulov,V (2525) chess.com INT 2026 0-1 (35)}) 7. Nf3 Nbc6 8. a4 $146 ({RR} 8. Be2 O-O 9. O-O Qa5 10. Bd2 Qc7 {½-½ (10) Southam,D (2255)-Siklosi,Z (2400) Kecskemet 1990}) 8... O-O 9. Bd3 dxc4 10. Bxc4 Nd5 11. Bd2 b6 12. O-O Bb7 13. Qe2 Na5 14. Ba2 Rc8 15. Rac1 Qd7 16. Ne5 Qxa4 17. Ra1 Qe8 18. Bb1 f6 19. Qd3 Qh5 20. Nd7 c4 21. Qc2 Rfe8 22. Nc5 Bc6 23. e4 Nc7 24. Be3 f5 25. f3 fxe4 26. fxe4 Rf8 27. Bf4 e5 28. Bxe5 Rxf1+ 29. Kxf1 Rf8+ 30. Kg1 bxc5 31. Rxa5 Bxe4 32. Qc1 Qe2 33. Ra2 Qg4 34. h3 Qg6 35. Bxe4 Qxe4 36. Bxc7 cxd4 37. cxd4 Qxd4+ 38. Kh2 Qc5 39. Bg3 c3 40. Rc2 Rc8 41. Be1 Qe5+ 42. Kh1 Qb5 43. Rxc3 Qf1+ 44. Kh2 Rxc3 45. Qxc3 h6 46. Qe5 Qf7 47. Bc3 Qd7 48. Qc5 Kh7 49. Bd4 a5 50. Qc2+ Kg8 51. Qc4+ Kh7 52. Bc3 a4 53. Qc5 Qb7 54. Be5 Qd7 55. Qc3 Kg8 56. Qc4+ Kh7 57. Qc5 Kg8 58. Bb2 Kh7 59. Qe5 Kg8 60. Qf4 Kh7 61. Qe4+ Kg8 62. Be5 Qe6 63. Qa8+ Kh7 64. Bg3 Qb3 65. Qe4+ Kg8 66. Be5 Qe6 67. Qd4 Qe7 68. Bd6 Qd7 69. Qc4+ Kh7 70. Qe4+ Kg8 71. Be5 a3 72. Qc4+ Kh7 73. Qc2+ Kh8 74. Qb3 Qe7 75. Bg3 Kh7 76. Qd3+ Kh8 77. Bd6 1-0

[Event "Titled Tue 18th Apr Late"]
[Site "chess.com INT"]
[Date "2023.04.18"]
[Round "9"]
[White "Hansen, Eric"]
[Black "Andreikin, D."]
[Result "0-1"]
[WhiteElo "2609"]
[BlackElo "2729"]
[PlyCount "142"]
[EventDate "2023.04.18"]

1. d4 d5 2. c4 e6 3. Nc3 a6 4. cxd5 exd5 5. Bf4 Nf6 6. e3 Bd6 7. Bg3 O-O 8. Bd3 Re8 ({RR} 8... c6 9. Qc2 a5 10. Nf3 Na6 11. a3 Re8 12. Ne5 h6 13. O-O Qe7 14. f4 Nc7 15. Bh4 c5 16. Kh1 c4 17. Be2 b5 18. Bf3 Bb7 19. g4 b4 20. Ne2 Qf8 21. Ng3 b3 22. Qg2 Ne4 23. Nxe4 {Hansen,E (2609)-Rozman,L (2322) chess.com INT 2023 1-0 (39)}) 9. Qc2 ({RR} 9. Nf3 Bg4 10. Qc2 Bxf3 11. gxf3 c5 12. dxc5 Bxc5 13. O-O-O Nc6 14. Kb1 Nb4 15. Qb3 Nxd3 16. Rxd3 d4 17. exd4 Bd6 18. d5 b5 19. Rhd1 Rc8 20. Re3 Qb6 21. Ne4 Nxe4 22. fxe4 Rc4 23. e5 Bc5 {Olhovik,A (2275)-Kourkoulos Arditis,S (2583) chess.com INT 2026 1-0 (41)}) 9... Nc6 10. Nf3 $146 ({RR} 10. Be2 Nb4 11. Qd1 Bf5 12. Rc1 Ne4 13. Bxd6 cxd6 14. a3 Nxc3 15. Rxc3 Na2 16. Bf3 Nxc3 17. bxc3 Qa5 18. Qb3 Be4 19. Ne2 Qb5 20. Qa2 Rac8 21. O-O Qc4 22. Qb2 b5 23. Rc1 a5 24. h3 Rc7 {Taeib,S (2118)-Hovhanisian,M (2414) Budapest HUN 2024 0-1 (72)}) ({RR} 10. Be2 Nb4 11. Qb3 c5 12. Bxd6 Qxd6 13. dxc5 Qxc5 14. Nf3 Be6 15. Nd4 Nc6 16. Rd1 Nxd4 17. Rxd4 Ne4 18. Bf3 Rac8 19. O-O Nxc3 20. bxc3 b5 21. Rc1 Red8 22. Qd1 Rd7 23. h4 Qa3 24. Qd2 Rc4 {Nakamura,H (2736)-Le,Q (2709) chess24.com INT 2021 ½-½ (93)}) 10... Nb4 11. Qd1 Nxd3+ 12. Qxd3 c6 13. Bxd6 Qxd6 14. Ne5 Ng4 15. Nxg4 Bxg4 16. f3 Bh5 17. O-O Re6 18. Rae1 Rae8 19. Qd2 Bg6 20. Re2 h5 21. Rfe1 h4 22. h3 Qg3 23. e4 dxe4 24. fxe4 Rd8 25. d5 Re5 26. Re3 Qg5 27. Qf2 f6 28. a3 Bf7 29. Rd3 Kh7 30. Red1 Bh5 31. Rf1 Bg6 32. Rd4 c5 33. Ra4 b5 34. Rxa6 Bxe4 35. Nxe4 Rxe4 36. Re6 Qxd5 37. Rxe4 Qxe4 38. Qxc5 Rd2 39. Qh5+ Kg8 40. Qg4 Qxg4 41. hxg4 Rxb2 42. Kh2 Rb3 43. Rf5 Kh7 44. Rc5 Kg6 45. Rd5 Kh6 46. Rh5+ Kg6 47. Rd5 Kf7 48. Rd7+ Kf8 49. Rb7 Kg8 50. Rb6 Kh7 51. Rb7 Kg6 52. Rb6 Kg5 53. Rb7 g6 54. Rb6 Rxa3 55. Rxb5+ Kxg4 56. Rb4+ Kg5 57. Rb5+ f5 58. Rb4 Re3 59. Rb6 Re4 60. Rb8 Kg4 61. Rg8 g5 62. Rc8 Re2 63. Rc4+ f4 64. Rc3 Re3 65. Rc5 h3 66. gxh3+ Rxh3+ 67. Kg2 Ra3 68. Kf2 Ra2+ 69. Kf1 f3 70. Rd5 Kf4 71. Rb5 g4 0-1